<?xml version="1.0" encoding="UTF-8"?>
<record
    xmlns:xsi="http://www.w3.org/2001/XMLSchema-instance"
    xsi:schemaLocation="http://www.loc.gov/MARC21/slim http://www.loc.gov/standards/marcxml/schema/MARC21slim.xsd"
    xmlns="http://www.loc.gov/MARC21/slim">

  <leader>01372nab a22002417a 4500</leader>
  <datafield tag="999" ind1=" " ind2=" ">
    <subfield code="c">6228</subfield>
    <subfield code="d">6228</subfield>
  </datafield>
  <controlfield tag="003">OSt</controlfield>
  <controlfield tag="005">20260126023052.0</controlfield>
  <controlfield tag="008">190514b        xxu||||| |||| 00| 0 spa d</controlfield>
  <datafield tag="040" ind1=" " ind2=" ">
    <subfield code="c">PJ</subfield>
  </datafield>
  <datafield tag="100" ind1=" " ind2=" ">
    <subfield code="9">6950</subfield>
    <subfield code="a">Mart&#xED;n, Mar&#xED;a Macarena </subfield>
  </datafield>
  <datafield tag="245" ind1="1" ind2="0">
    <subfield code="a">Efectividad del derecho a conocer los or&#xED;genes : </subfield>
    <subfield code="b">los desaf&#xED;os legales en la protecci&#xF3;n de la identidad de las personas nacidas por TRHA en Argentina /</subfield>
    <subfield code="c">Mar&#xED;a Macarena Mart&#xED;n. </subfield>
  </datafield>
  <datafield tag="300" ind1=" " ind2=" ">
    <subfield code="a">p. 61-67</subfield>
  </datafield>
  <datafield tag="500" ind1=" " ind2=" ">
    <subfield code="a">Cita: TR LALEY AR/DOC/2673/2024.</subfield>
  </datafield>
  <datafield tag="505" ind1=" " ind2=" ">
    <subfield code="a">Sumario: I. Desaf&#xED;os legales y el derecho a la identidad en Argentina de las personas nacidas por t&#xE9;cnicas de reproducci&#xF3;n humana asistida.&#x2014; II. El derecho a conocer los or&#xED;genes y su efectividad.&#x2014; III. Conclusi&#xF3;n. </subfield>
  </datafield>
  <datafield tag="505" ind1=" " ind2=" ">
    <subfield code="t">Fallo comentado:  JNFed. Contenciosoadministrativo Nro. 12 ~ 27/05/2024 ~ L., N. V. y otro c. En - PEN - M de Salud - Procrearte Red de Medicina Reproductiva y Molecular y otro s/ amparo ley 16.986.</subfield>
  </datafield>
  <datafield tag="650" ind1=" " ind2="0">
    <subfield code="9">967</subfield>
    <subfield code="a">DERECHO DE FAMILIA</subfield>
  </datafield>
  <datafield tag="650" ind1=" " ind2="0">
    <subfield code="9">2345</subfield>
    <subfield code="a">DERECHO A LA IDENTIDAD</subfield>
  </datafield>
  <datafield tag="650" ind1=" " ind2="0">
    <subfield code="9">4292</subfield>
    <subfield code="a">T&#xC9;CNICAS DE REPRODUCCI&#xD3;N HUMANA ASISTIDA</subfield>
  </datafield>
  <datafield tag="650" ind1=" " ind2="0">
    <subfield code="9">1004</subfield>
    <subfield code="a">FILIACION</subfield>
  </datafield>
  <datafield tag="650" ind1=" " ind2="0">
    <subfield code="9">1057</subfield>
    <subfield code="a">JURISPRUDENCIA APLICABLE</subfield>
  </datafield>
  <datafield tag="773" ind1="0" ind2=" ">
    <subfield code="0">2844</subfield>
    <subfield code="9">3222</subfield>
    <subfield code="d">Buenos Aires : AbeledoPerrot, 1989-</subfield>
    <subfield code="t">Derecho de familia. Revista Interdisciplinaria de doctrina y jurisprudencia. Diciembre 2024-VI.</subfield>
    <subfield code="z">18511201</subfield>
  </datafield>
  <datafield tag="942" ind1=" " ind2=" ">
    <subfield code="2">udc</subfield>
    <subfield code="c">ANA</subfield>
  </datafield>
</record>
